| 000 | 01312nam a2200325 i 4500 | ||
|---|---|---|---|
| 003 | EG-GICUC | ||
| 005 | 20260121101538.0 | ||
| 008 | 251226s2003 ua ||||fr|||| 000 0 ara d | ||
| 017 | _a2002/16311 | ||
| 020 | _a977-6067-0402 | ||
| 040 |
_a EG-GICUC _bara _c EG-GICUC _d EG-GICUC _erda |
||
| 041 | 0 | _aara | |
| 082 | 0 | 4 |
_221 _a345.456 _bع ب . ض |
| 092 | 0 | 4 | _221 |
| 099 | _aLaw1 07 345.456 ع ب . ض 1 ed - 2003 | ||
| 100 | 0 |
_aعبدالعزيز عبدالمنعم خليفة _eمؤلف. |
|
| 245 | 1 | 2 |
_aالضمانات التأديبية في الوظيفة العامة في الفقه وقضاء مجلس الدولة / _cالدكتور عبدالعزيز عبدالمنعم خليفة. |
| 250 | _aالطبعة الاولى | ||
| 264 | 3 |
_aالإسكندرية : _bمنشأة المعارف, _c2003. |
|
| 300 |
_a359 صفحة ؛ _c24 سم. _bإيضاحيات، صور، مثيليات ؛ |
||
| 336 |
_2rda content _atext |
||
| 337 |
_2rda media _aComputer |
||
| 338 |
_2rda carrier _aOnline Resource |
||
| 546 | _aالنص باللغة العربية | ||
| 650 | 1 | 4 |
_aاجراءات وضمانات تأديب العاملين المدنين بالدولة _2qrmak |
| 651 | 1 | _2qrmak | |
| 856 | 4 | 0 | _uhttps://fll.law.cu.edu.eg/fulltext/bks/B07-01585.pdf |
| 905 | _a79 | ||
| 942 |
_2ddc _cBK _e21 _n0 |
||
| 999 |
_c52555 _d52555 |
||